000 00583nam a2200193Ia 4500
003 GCL
008 140319s9999 xx 000 0 ara d
040 _aGCL /
_cGCL
082 0 4 _a190
_bك ا
100 1 _aمحمود محمود
245 1 0 _aاراء فلسفية فى ازمة العصر /
_cمحمود محمود
700 1 _aكوخ, ادريين
300 _a379 ص
490 _aالهيئة العامة للاستعلامات
_v0
650 0 4 _aالوجودية
650 0 4 _aالحركات الفكرية
650 0 4 _aالفلسفة الغربية
942 _2ddc
_cBK
999 _c47216
_d47216